000 00694cam a2200205 4500
001 WB3544-18
008 000000n1999 000 0 eng u
035 _a(Sirsi) u101666
245 _aNew rent service agency
260 _c1999
490 _aDETR News Release
_v(1043) 2 November 1999 (2)
520 _aA new government agency, the Rent Service has been launched. The agency will set rent levels for private sector tenants through 'fair rent' regulation. The Rent Service became operational on 1 October 1999.
590 _aWB
650 _aRENT SERVICE
650 _aFAIR RENT
650 _aPRIVATE RENTED SECTOR
650 _aHOUSING BENEFIT
690 _aHOUSING
942 _n0
999 _c60794
_d60794